000 00496nam a2200217Ia 4500
005 20250425162432.0
008 250425s9999 xx 000 0 und d
020 _a9874383267
041 _aspa
082 _a634.3
100 _aPALACIOS, JORGE
245 0 _aCITRICULTURA
250 _a1A ED.
260 _aArgentina
_bALFA BETA
_c2005
260 _aSAN MIGUEL DE TUCUMÁN
300 _a518
650 _aCITRICULTURA
650 _aFRUTAS CITRICAS
942 _c01
010 _a73758
999 _c229165
_d229165